La investigación científica y sus etapas / (Registro nro. 4902)

Detalles MARC
000 -LEADER
fixed length control field 00839nam a2200253Ia 4500
003 - CONTROL NUMBER IDENTIFIER
control field OSt
005 - DATE AND TIME OF LATEST TRANSACTION
control field 20200922124728.0
008 - FIXED-LENGTH DATA ELEMENTS--GENERAL INFORMATION
fixed length control field 191128s1998 ck gr 000 0 spa d
022 ## - INTERNATIONAL STANDARD SERIAL NUMBER
International Standard Serial Number 0121-8735
040 ## - CATALOGING SOURCE
Original cataloging agency CO-JMCR
Transcribing agency CO-JMCR
041 1# - LANGUAGE CODE
Language code of text/sound track or separate title spa
082 04 - DEWEY DECIMAL CLASSIFICATION NUMBER
Classification number 507.2 /
Item number P259i
Edition number 23
100 1# - MAIN ENTRY--PERSONAL NAME
Personal name Parra, Marina,
Relator term autor
9 (RLIN) 10633
245 13 - TITLE STATEMENT
Title La investigación científica y sus etapas /
Statement of responsibility, etc. Marina Parra
250 ## - EDITION STATEMENT
Edition statement Primera edición
260 ## - PUBLICATION, DISTRIBUTION, ETC.
Place of publication, distribution, etc. Bogotá :
Name of publisher, distributor, etc. Universidad Autónoma de Colombia,
Date of publication, distribution, etc. 1998.
300 ## - PHYSICAL DESCRIPTION
Extent 30 páginas ;
Dimensions 24 cm.
490 0# - SERIES STATEMENT
Series statement Colección Ensayos
504 ## - BIBLIOGRAPHY, ETC. NOTE
Bibliography, etc. note Incluye bibliografía
505 0# - FORMATTED CONTENTS NOTE
Formatted contents note La investigación científica y el método científico -- Etapas de la investigación científica
650 24 - SUBJECT ADDED ENTRY--TOPICAL TERM
Topical term or geographic name entry element Investigación científica
9 (RLIN) 1145
650 24 - SUBJECT ADDED ENTRY--TOPICAL TERM
Topical term or geographic name entry element Metodología científica
9 (RLIN) 1144
942 ## - ADDED ENTRY ELEMENTS (KOHA)
Source of classification or shelving scheme Dewey Decimal Classification
Koha item type Books
Existencias
Withdrawn status Lost status Source of classification or shelving scheme Materials specified (bound volume or other part) Damaged status Not for loan Home library Current library Shelving location Date acquired Source of acquisition Total Checkouts Full call number Barcode Date last seen Date last checked out Copy number Price effective from Koha item type
    Dewey Decimal Classification Canje     Biblioteca Pública José María del Castillo y Rada Biblioteca Pública José María del Castillo y Rada General Stacks 11/28/2019 Canje 1 507.2 / P259i 430000935 05/23/2024 05/23/2024 Ej.1 11/28/2019 Books